Detalles MARC
| 000 -CABECERA |
| campo de control de longitud fija |
01715nam a2200325 i 4500 |
| 003 - IDENTIFICADOR DEL NÚMERO DE CONTROL |
| campo de control |
DO-SdBNP |
| 005 - FECHA Y HORA DE LA ÚLTIMA TRANSACCIÓN |
| campo de control |
20260305074000.0 |
| 007 - CAMPO FIJO DE DESCRIPCIÓN FÍSICA--INFORMACIÓN GENERAL |
| campo de control de longitud fija |
ta |
| 008 - DATOS DE LONGITUD FIJA--INFORMACIÓN GENERAL |
| campo de control de longitud fija |
110413s2016 dr co 001 0 spa d |
| 020 ## - NÚMERO INTERNACIONAL ESTÁNDAR DEL LIBRO |
| Número Internacional Estándar del Libro |
9789945086089 |
| 040 ## - FUENTE DE LA CATALOGACIÓN |
| Centro catalogador/agencia de origen |
DO-SdBNP |
| Lengua de catalogación |
spa |
| Centro/agencia transcriptor |
BNPHU |
| Normas de descripción |
rda |
| 082 ## - NÚMERO DE LA CLASIFICACIÓN DECIMAL DEWEY |
| Número de documento/Ítem |
G377 |
| Número de edición |
22 |
| Número de clasificación |
355.02 |
| 100 1# - ENTRADA PRINCIPAL--NOMBRE DE PERSONA |
| Nombre de persona |
Gerón, Candido, |
| Fechas asociadas al nombre |
1948- |
| 9 (RLIN) |
3577 |
| 245 10 - MENCIÓN DE TÍTULO |
| Título |
Desiderio Arias y la Ocupación Norteamericana / |
| Mención de responsabilidad, etc. |
Cándido Gerón |
| 264 #1 - PRODUCCIÓN, PUBLICACIÓN, DISTRIBUCIÓN, FABRICACIÓN Y COPYRIGHT |
| Producción, publicación, distribución, fabricación y copyright |
Santo Domingo : |
| Nombre del de productor, editor, distribuidor, fabricante |
Centenario, |
| Fecha de producción, publicación, distribución, fabricación o copyright |
2016. |
| 300 ## - DESCRIPCIÓN FÍSICA |
| Extensión |
552 páginas |
| Dimensiones |
23 cm. |
| Otras características físicas |
retratos, fotografías |
| 336 ## - TIPO DE CONTENIDO |
| Fuente |
rdacontent |
| Término de tipo de contenido |
texto |
| Código de tipo de contenido |
txt |
| 337 ## - TIPO DE MEDIO |
| Fuente |
rdamedia |
| Nombre/término del tipo de medio |
sin mediación |
| Código del tipo de medio |
n |
| 338 ## - TIPO DE SOPORTE |
| Fuente |
rdacarrier |
| Nombre/término del tipo de soporte |
volumen |
| Código del tipo de soporte |
nc |
| 500 ## - NOTA GENERAL |
| Nota general |
Incluye datos biográficos del autor en la solapa de la portada. |
| 500 ## - NOTA GENERAL |
| Nota general |
Incluye índice onomástico. |
| 500 ## - NOTA GENERAL |
| Nota general |
Incluye notas y bibliografías a pie de páginas. |
| 504 ## - NOTA DE BIBLIOGRAFÍA, ETC. |
| Nota de bibliografía, etc. |
Bibliografía p: 113-114 |
| 505 0# - NOTA DE CONTENIDO CON FORMATO |
| Título |
Caudillismo, empréstitos y revueltas sociales -- |
| -- |
Morales Languasco firma acuerdo con los Estados Unidos de Norteamérica -- |
| -- |
Asesinato de Ramón Cáceres -- |
| -- |
Intervención americana (1916-1924) -- |
| -- |
Desiderio Arias: Peripecias (1916) -- |
| -- |
Desiderio Arias Álvarez: estudio y valoración final trágico -- |
| -- |
Cartas, proclamas, Decretos y entrevistas Juan I. Jiménes Presidente Constitucional de la República -- |
| -- |
Memorias que al ciudadano presidente de la República Juan Isidro Jimenes, presenta el general Desiderio Arias -- |
| -- |
Índice onomástico / |
| 590 ## - NOTA LOCAL (RLIN) |
| Nota local |
Inventariado, 2023/ YL |
| 600 #4 - PUNTO DE ACCESO ADICIONAL DE MATERIA--NOMBRE DE PERSONA |
| Nombre de persona |
Arias Desiderio |
| Fechas asociadas al nombre |
1872-1931 |
| Subdivisión de forma |
Biografía |
| Subdivisión general |
Caudillos, Guerrilleros |
| Subdivisión geográfica |
República Dominicana |
| 9 (RLIN) |
84290 |
| 700 1# - PUNTO DE ACCESO ADICIONAL--NOMBRE DE PERSONA |
| Nombre de persona |
Silié, Rubén, |
| Fechas asociadas al nombre |
1946- |
| Término indicativo de función/relación |
prólogo |
| 9 (RLIN) |
1421 |
| 910 ## - DATOS DE OPCIÓN DEL USUARIO (OCLC) |
| Datos de opción del usuario |
YLockward |
| 942 ## - ELEMENTOS DE PUNTO DE ACCESO ADICIONAL (KOHA) |
| Fuente del sistema de clasificación o colocación |
Dewey Decimal Classification |
| Tipo de ítem Koha |
Libro |